[Event "SVK-chT2A 2425"]
[White "Arendas, Marek"]
[Black "Sichnenko, Grigorij"]
[Site "Slovakia"]
[Round "2.5"]
[Result "1-0"]
[Date "2024.11.10"]
[WhiteElo "2061"]
[BlackElo "1863"]
[PlyCount "67"]
[EventDate "2024.11.09"]
[EventType "team-tourn"]
[EventRounds "11"]
[EventCountry "SVK"]
[SourceTitle "CB51_2024"]
[SourceDate "2024.12.18"]
[SourceVersion "1"]
[SourceVersionDate "2024.12.18"]
[SourceQuality "1"]
[WhiteTeam "Trnava Lokomotiva"]
[BlackTeam "Bratislava Doprastav II"]
[WhiteTeamCountry "SVK"]
[BlackTeamCountry "SVK"]

1. e4 c5 2. Nf3 e6 3. d4 cxd4 4. Nxd4 a6 5. Bd3 g6 6. Be3 Bg7 7. Qd2 d5 8. exd5 Qxd5 9. 0-0 e5 10. Nc3 Qd8 11. Nb3 Ne7 12. Bh6 0-0 13. Bxg7 Kxg7 14. f4 Nbc6 15. Rae1 exf4 16. Qxf4 Bf5 17. Rf3 Qb6+ 18. Kh1 Rad8 19. Bc4 f6 20. Rfe3 Rfe8 21. g4 g5 22. Qf2 Qb4 23. Be6 Bg6 24. a3 Qb6 25. Bd7 Ne5 26. Bxe8 Bxe8 27. Kg1 N7g6 28. h3 Nh4 29. Kf1 Qc7 30. Ne4 Bb5+ 31. Kg1 Qb6 32. Kh2 a5 33. Nbc5 Rd2 34. Nxd2 1-0